[Event "Excelsior June U2000"]
[Site "Toronto CAN"]
[Date "2023.06.24"]
[Round "3.20"]
[White "Liu, Sean"]
[Black "Qian, Ashley"]
[Result "0-1"]
[WhiteElo "1648"]
[BlackElo "1725"]
[PlyCount "62"]
[EventDate "2023.06.23"]
[EventType "swiss"]
[EventRounds "5"]
[EventCountry "CAN"]

1. e4 c5 2. Nc3 d6 3. d4 cxd4 4. Qxd4 Nc6 5. Qd2 Nf6 6. b3 e6 7. Bb2 Be7 8. f4
a6 9. Nf3 Qc7 10. Bd3 Bd7 11. h4 Rc8 12. h5 h6 13. O-O-O Nb4 14. Rdg1 b5 15.
Kb1 Nxd3 16. cxd3 Bc6 17. Nd4 Nd7 18. g4 Bf6 19. Nce2 Nc5 20. Nxc6 Qxc6 21. Rc1
Qb7 22. Ba3 Rc7 23. Bxc5 Rxc5 24. Rxc5 dxc5 25. g5 hxg5 26. fxg5 Be5 27. h6 g6
28. Nc3 O-O 29. Re1 Rd8 30. Qc2 Qd7 31. Rd1 Qd4 0-1

[Event "Excelsior June U2000"]
[Site "Toronto CAN"]
[Date "2023.06.24"]
[Round "3.21"]
[White "Mutyalapati, Modith Aaroh"]
[Black "Murali, Dhruv"]
[Result "0-1"]
[WhiteElo "1603"]
[BlackElo "1635"]
[PlyCount "84"]
[EventDate "2023.06.23"]
[EventType "swiss"]
[EventRounds "5"]
[EventCountry "CAN"]

1. e4 g6 2. d4 Bg7 3. c4 d6 4. Nc3 Nc6 5. Nge2 e5 6. d5 Nb8 7. g3 Bg4 8. Bg2
Bxe2 9. Qxe2 Nf6 10. O-O O-O 11. f4 Nbd7 12. f5 Qe7 13. g4 h6 14. h4 Nh7 15. g5
hxg5 16. hxg5 Nxg5 17. Qg4 Bh6 18. f6 Nxf6 19. Bxg5 Nxg4 20. Bxe7 Rfe8 21. Bh4
Be3+ 22. Kh1 g5 23. Bg3 Kg7 24. Bf3 Rh8+ 25. Kg2 Nf6 26. Nd1 Bd4 27. Nf2 Bxf2
28. Rxf2 g4 29. Be2 Nxe4 30. Rf5 Rh3 31. Bf2 Rah8 32. Rg1 Rh2+ 33. Kf1 Rxf2+
34. Rxf2 Nxf2 35. Kxf2 f5 36. b4 Kf6 37. c5 Kg5 38. Rg3 Rh4 39. Rc3 f4 40. cxd6
cxd6 41. Rc7 g3+ 42. Kg1 e4 0-1

[Event "Excelsior June U2000"]
[Site "Toronto CAN"]
[Date "2023.06.25"]
[Round "4.12"]
[White "Ruchinskaya, Valerie"]
[Black "Narasimhan, Siddarth"]
[Result "1/2-1/2"]
[WhiteElo "1933"]
[BlackElo "1821"]
[PlyCount "151"]
[EventDate "2023.06.23"]
[EventType "swiss"]
[EventRounds "5"]
[EventCountry "CAN"]

1. d4 d5 2. c4 e6 3. Nc3 a6 4. cxd5 exd5 5. Nf3 Nf6 6. Bg5 c6 7. e3 Bf5 8. Qb3
b5 9. Ne5 h6 10. Bh4 Be7 11. Rc1 O-O 12. Be2 Be6 13. Qc2 Nfd7 14. Bxe7 Qxe7 15.
Nd3 c5 16. Nxc5 Nxc5 17. dxc5 Qxc5 18. Bf3 Rc8 19. Qd2 Nd7 20. O-O Ne5 21. Bxd5
Rd8 22. e4 Nc4 23. Qe2 Bxd5 24. Nxd5 Re8 25. Rfd1 Rad8 26. Qg4 Qd6 27. b3 Ne5
28. Qe2 Rc8 29. f4 Ng6 30. Rxc8 Rxc8 31. f5 Nf4 32. Nxf4 Qxf4 33. g3 Qe5 34.
Kf2 Rc5 35. h4 Qc7 36. Rd2 Rc3 37. Rd3 Qc5+ 38. Kf3 Rc2 39. Qe3 Qxe3+ 40. Kxe3
Rxa2 41. Kd4 Kf8 42. e5 Ke7 43. b4 Rf2 44. Ke4 Re2+ 45. Kd5 Rf2 46. g4 h5 47.
gxh5 Rxf5 48. Rg3 Rxh5 49. Rxg7 Rxh4 50. Rg8 Rxb4 51. Ra8 Ra4 52. Ra7+ Kf8 53.
e6 fxe6+ 54. Kxe6 b4 55. Kd5 a5 56. Kc4 Ra3 57. Rb7 Ke8 58. Ra7 Kd8 59. Rb7 Kc8
60. Rh7 b3 61. Kc3 a4 62. Kb2 Ra2+ 63. Kb1 Kb8 64. Rg7 Rf2 65. Rg4 Ra2 66. Rg7
Ka8 67. Rh7 Kb8 68. Rg7 Kc8 69. Ra7 a3 70. Ra4 Kc7 71. Rb4 Rb2+ 72. Ka1 Ra2+
73. Kb1 Rb2+ 74. Ka1 Kd6 75. Rd4+ Kc5 76. Rc4+ 1/2-1/2

[Event "Excelsior June U2000"]
[Site "Toronto CAN"]
[Date "2023.06.25"]
[Round "4.13"]
[White "Wang, Nathan"]
[Black "Faizy, Mohammed"]
[Result "1/2-1/2"]
[WhiteElo "1807"]
[BlackElo "1854"]
[PlyCount "125"]
[EventDate "2023.06.23"]
[EventType "swiss"]
[EventRounds "5"]
[EventCountry "CAN"]

1. e4 c5 2. Nc3 Nc6 3. Bb5 Nd4 4. Nf3 g6 5. O-O a6 6. Bd3 Bg7 7. Nxd4 cxd4 8.
Ne2 d5 9. exd5 Qxd5 10. c3 Bd7 11. Nxd4 Bxd4 12. cxd4 Bc6 13. Qf3 Qxf3 14. gxf3
Bxf3 15. b3 O-O-O 16. Bb2 Nf6 17. Rfe1 Rhe8 18. Bc4 e6 19. Rac1 Kb8 20. Re3 Bd5
21. f3 Nh5 22. Bxd5 Rxd5 23. Re4 Ng7 24. Rc5 Red8 25. Re5 Rxc5 26. Rxc5 Nf5 27.
Rc4 b6 28. Kf2 e5 29. Rc6 Kb7 30. Rf6 Rd7 31. d5 Rxd5 32. Rxf7+ Kc6 33. Ke2 Ra5
34. a4 Rd5 35. Rxh7 b5 36. Ra7 Kb6 37. Rf7 bxa4 38. bxa4 Ka5 39. Rf6 Nd4+ 40.
Bxd4 Rxd4 41. Rxg6 Rxa4 42. Rg5 Rh4 43. Rxe5+ Kb6 44. Ke3 a5 45. Re4 Rxh2 46.
f4 Kb5 47. f5 Rh6 48. Re5+ Kb4 49. Re6 Rh3+ 50. Ke4 a4 51. f6 Rh1 52. f7 Rf1
53. Re7 a3 54. Ra7 Kb3 55. Ke5 a2 56. Ke6 Re1+ 57. Kd6 Rf1 58. Ke7 Re1+ 59. Kd8
Rf1 60. Ke8 Re1+ 61. Kd7 Rf1 62. Ke7 Re1+ 63. Kd6 1/2-1/2

[Event "Excelsior June U2000"]
[Site "Toronto CAN"]
[Date "2023.06.25"]
[Round "4.14"]
[White "O'Neill, Michael"]
[Black "Zhong, April"]
[Result "1-0"]
[WhiteElo "1688"]
[BlackElo "1800"]
[PlyCount "55"]
[EventDate "2023.06.23"]
[EventType "swiss"]
[EventRounds "5"]
[EventCountry "CAN"]

1. e4 e6 2. d4 d5 3. Nc3 Nf6 4. e5 Nfd7 5. f4 c5 6. Nf3 Nc6 7. Be3 a6 8. a3
cxd4 9. Nxd4 Bc5 10. Qd2 O-O 11. O-O-O Bxd4 12. Bxd4 b5 13. h4 Rb8 14. Ne2 b4
15. Rh3 Qc7 16. Kb1 Na5 17. Nc1 bxa3 18. Rxa3 Nc4 19. Bxc4 dxc4 20. Rg3 Nc5 21.
Qe3 Na4 22. f5 Kh8 23. f6 g6 24. h5 Rg8 25. Rh1 Rb7 26. Qh6 Nxb2 27. Qxh7+ Kxh7
28. hxg6# 1-0

[Event "Excelsior June U2000"]
[Site "Toronto CAN"]
[Date "2023.06.25"]
[Round "4.15"]
[White "Zhang, Daniel"]
[Black "Huang, Justin"]
[Result "1-0"]
[WhiteElo "1848"]
[BlackElo "1619"]
[PlyCount "89"]
[EventDate "2023.06.23"]
[EventType "swiss"]
[EventRounds "5"]
[EventCountry "CAN"]

1. e4 e6 2. d4 d5 3. Nd2 dxe4 4. Nxe4 Nc6 5. Nf3 Be7 6. Bb5 Bd7 7. O-O Nf6 8.
Qe2 a6 9. Bc4 b5 10. Bb3 Na5 11. c3 Nxb3 12. axb3 Bc6 13. Neg5 Bxf3 14. Nxf3
O-O 15. b4 Qd5 16. Bf4 Bd6 17. Ne5 h6 18. Ra5 Bxe5 19. Bxe5 Ne8 20. Rfa1 Qb7
21. Qf3 c6 22. c4 Nc7 23. Qg3 Ne8 24. cxb5 cxb5 25. Qa3 Nc7 26. Qg3 Ne8 27. Bf4
Kh8 28. h3 Nf6 29. Qh4 Kh7 30. R5a3 Rg8 31. Be5 Nd5 32. Qe4+ f5 33. Qf3 Qe7 34.
Rxa6 Rxa6 35. Rxa6 Nxb4 36. Bd6 Qf6 37. Bxb4 Qxd4 38. Bc3 Qc4 39. Rc6 Qb3 40.
Qe2 b4 41. Rb6 Rd8 42. Rxb4 Rd1+ 43. Kh2 Qd5 44. Qe5 Qd7 45. Rd4 1-0

[Event "Excelsior June U2000"]
[Site "Toronto CAN"]
[Date "2023.06.25"]
[Round "4.16"]
[White "Huang, Ivan"]
[Black "Cater, Brendan"]
[Result "0-1"]
[WhiteElo "1588"]
[BlackElo "1756"]
[PlyCount "94"]
[EventDate "2023.06.23"]
[EventType "swiss"]
[EventRounds "5"]
[EventCountry "CAN"]

1. c4 e6 2. Nf3 d5 3. g3 Nf6 4. Bg2 Nbd7 5. cxd5 exd5 6. d4 Bd6 7. Nc3 c6 8.
O-O O-O 9. a3 Nb6 10. Qc2 h6 11. Re1 Re8 12. b3 Bg4 13. Bb2 Qd7 14. Nd2 Bf5 15.
Qd1 Bh3 16. e3 Bxg2 17. Kxg2 Ng4 18. Qf3 f5 19. h3 Nf6 20. h4 Ne4 21. Nf1 Qe6
22. Ne2 Qf7 23. Nc3 Qg6 24. h5 Qe6 25. Ne2 Ng5 26. Nf4 Nxf3 27. Nxe6 Nxe1+ 28.
Rxe1 Rxe6 29. Nd2 Nd7 30. b4 Nf6 31. Nb3 Nxh5 32. Kf3 Rae8 33. Bc1 Nf6 34. Na5
R8e7 35. Nb3 Ne4 36. Bb2 g5 37. Rh1 Nxg3 38. Rd1 Ne4 39. Kg2 Nxf2 40. Kxf2 Rxe3
41. Nc1 g4 42. Rh1 Kg7 43. Rd1 h5 44. Rd2 h4 45. Kg2 h3+ 46. Kf2 g3+ 47. Kg1
Re1# 0-1

[Event "Excelsior June U2000"]
[Site "Toronto CAN"]
[Date "2023.06.25"]
[Round "4.17"]
[White "Qian, Ashley"]
[Black "Desikan, Ajith"]
[Result "1-0"]
[WhiteElo "1725"]
[BlackElo "1672"]
[PlyCount "43"]
[EventDate "2023.06.23"]
[EventType "swiss"]
[EventRounds "5"]
[EventCountry "CAN"]

1. e4 c5 2. Nf3 d6 3. d4 cxd4 4. Nxd4 Nf6 5. Nc3 a6 6. Be3 e5 7. Nb3 Be6 8. f3
Nbd7 9. Qd2 Qc7 10. g4 b5 11. O-O-O b4 12. Ne2 a5 13. Kb1 a4 14. Nbc1 b3 15.
cxb3 axb3 16. a3 d5 17. g5 Nh5 18. exd5 Bxd5 19. Bh3 f5 20. Bxf5 Bd6 21. Qxd5
Ke7 22. Qe6+ 1-0

[Event "Excelsior June U2000"]
[Site "Toronto CAN"]
[Date "2023.06.25"]
[Round "4.18"]
[White "Ambilwade, Ojal"]
[Black "Zaka, Mohid"]
[Result "1-0"]
[WhiteElo "1672"]
[BlackElo "1694"]
[PlyCount "113"]
[EventDate "2023.06.23"]
[EventType "swiss"]
[EventRounds "5"]
[EventCountry "CAN"]

1. c4 f5 2. d4 Nf6 3. Nc3 g6 4. g3 Bg7 5. Bg2 O-O 6. Nf3 d6 7. O-O Nc6 8. h3 e5
9. d5 Ne7 10. Be3 h6 11. c5 g5 12. cxd6 cxd6 13. Bc1 Ng6 14. b3 Qe7 15. Ba3 a6
16. Rc1 f4 17. Qc2 Nh8 18. Nd2 Ne8 19. g4 b5 20. Nde4 Bb7 21. Rfd1 Nf7 22. Qd3
Nc7 23. Nd2 a5 24. b4 a4 25. Be4 Nh8 26. Ndb1 Bf6 27. Bb2 Nf7 28. Na3 Ba6 29.
Bf5 Kg7 30. Ne4 Nh8 31. Rc6 Nf7 32. Rc3 Bb7 33. Nxf6 Kxf6 34. Bh7 Kg7 35. Be4
Ba6 36. Rdc1 Ra7 37. Qc2 Ne8 38. Bd3 Qb7 39. Rc6 Nd8 40. Bxe5+ dxe5 41. Rg6+
Kh8 42. Rxh6+ Kg8 43. Bh7+ Kh8 44. Bf5+ Kg8 45. Bh7+ Kh8 46. Qg6 Nf7 47. Rh5
Nh6 48. Rxh6 Qg7 49. Qe6 Nf6 50. Rg6 Qe7 51. Qxe7 Rxe7 52. Rc6 Nxd5 53. Rxa6
Nxb4 54. Raf6 Rb8 55. Rxg5 Nxa2 56. Bb1 Nc3 57. Rh6+ 1-0

[Event "Excelsior June U2000"]
[Site "Toronto CAN"]
[Date "2023.06.25"]
[Round "4.19"]
[White "Tenkov, Arkadii"]
[Black "Ajith, Aarush"]
[Result "1-0"]
[WhiteElo "1662"]
[BlackElo "1675"]
[PlyCount "71"]
[EventDate "2023.06.23"]
[EventType "swiss"]
[EventRounds "5"]
[EventCountry "CAN"]

1. e4 c5 2. Nc3 d6 3. g3 Nc6 4. Bg2 e6 5. d3 g6 6. Nge2 Bg7 7. Be3 Nge7 8. d4
cxd4 9. Nxd4 O-O 10. Qd2 a6 11. O-O Ne5 12. b3 Qc7 13. Nce2 b5 14. a4 bxa4 15.
Rxa4 Bb7 16. Ra2 d5 17. f4 Ng4 18. e5 Rac8 19. Bh3 Nxe3 20. Qxe3 Qd7 21. g4 f5
22. exf6 Bxf6 23. Nxe6 Rfe8 24. g5 Nf5 25. Bxf5 gxf5 26. gxf6 Rxe6 27. Qg3+ Kh8
28. Qg7+ Qxg7+ 29. fxg7+ Kxg7 30. Nd4 Rf6 31. Re1 Rf7 32. Re5 Kg6 33. c3 Rxc3
34. Rg2+ Kh5 35. Rg5+ Kh4 36. Re6 1-0

[Event "Excelsior June U2000"]
[Site "Toronto CAN"]
[Date "2023.06.25"]
[Round "4.20"]
[White "Murali, Dhruv"]
[Black "Hettigama, Thusitha"]
[Result "1/2-1/2"]
[WhiteElo "1635"]
[BlackElo "1617"]
[PlyCount "84"]
[EventDate "2023.06.23"]
[EventType "swiss"]
[EventRounds "5"]
[EventCountry "CAN"]

1. b3 e5 2. Bb2 Nc6 3. e3 Nf6 4. Bb5 d6 5. d4 exd4 6. exd4 a6 7. Bxc6+ bxc6 8.
Nf3 Be7 9. h3 O-O 10. O-O h6 11. c4 Bf5 12. Nbd2 Qd7 13. Re1 Rfe8 14. Qc1 Bf8
15. Qc3 Rxe1+ 16. Rxe1 Re8 17. Rxe8 Qxe8 18. Qe3 Qxe3 19. fxe3 Ne4 20. Nxe4
Bxe4 21. Nd2 Bg6 22. Kf2 Be7 23. Ba3 Bf6 24. Bb4 Kf8 25. Ba5 Bd8 26. a3 Ke8 27.
Bc3 Bf6 28. b4 Kd7 29. c5 Bd3 30. Nf3 Ke6 31. Nd2 g6 32. g3 h5 33. h4 g5 34.
hxg5 Bxg5 35. Kf3 Kf5 36. e4+ Ke6 37. Nb3 Bc2 38. Na5 Bd1+ 39. Kf2 Kd7 40. Bb2
Bc2 41. Kf3 Bd1+ 42. Kf2 Bc2 1/2-1/2

[Event "Excelsior June U2000"]
[Site "Toronto CAN"]
[Date "2023.06.25"]
[Round "4.21"]
[White "Mutyalapati, Modith Aaroh"]
[Black "Liu, Sean"]
[Result "1/2-1/2"]
[WhiteElo "1603"]
[BlackElo "1648"]
[PlyCount "118"]
[EventDate "2023.06.23"]
[EventType "swiss"]
[EventRounds "5"]
[EventCountry "CAN"]

1. e4 c5 2. Nf3 Nc6 3. Bb5 g6 4. Bxc6 bxc6 5. d4 cxd4 6. Qxd4 Nf6 7. e5 Nd5 8.
c4 Nc7 9. e6 f6 10. exd7+ Bxd7 11. O-O Bg7 12. Nc3 O-O 13. Rd1 Bf5 14. Qc5 Qe8
15. Nd4 Bd7 16. Ncb5 Nxb5 17. cxb5 cxb5 18. Be3 e5 19. Ne2 a6 20. Nc3 Be6 21.
Rd6 f5 22. Qb6 Bf7 23. Bc5 Qb8 24. Qa5 Rc8 25. Rb6 Qc7 26. Bd6 Qd8 27. Rd1 Rc6
28. Bc5 Qc8 29. Rxc6 Qxc6 30. Rd8+ Rxd8 31. Qxd8+ Qe8 32. Qb6 Qc8 33. a4 bxa4
34. Nxa4 e4 35. h3 h6 36. Be3 Kh7 37. Nc5 Qa8 38. Nxa6 Bxb2 39. Qxb2 Qxa6 40.
Qe5 Qc8 41. Bd4 Qg8 42. g4 Be6 43. Kg2 fxg4 44. hxg4 Bd5 45. Kg3 Bf7 46. Qxe4
Bd5 47. Qe5 Bf7 48. f4 Be6 49. g5 h5 50. f5 gxf5 51. Kh4 Bf7 52. Qxf5+ Qg6 53.
Qe5 Qg8 54. Qf6 Bg6 55. Kg3 Qb8+ 56. Kh3 Qc8+ 57. Kg3 Qg4+ 58. Kh2 Qh4+ 59. Kg1
Qg4+ 1/2-1/2

[Event "Excelsior June U2000"]
[Site "Toronto CAN"]
[Date "2023.06.25"]
[Round "5.12"]
[White "Narasimhan, Siddarth"]
[Black "O'Neill, Michael"]
[Result "1/2-1/2"]
[WhiteElo "1821"]
[BlackElo "1688"]
[PlyCount "84"]
[EventDate "2023.06.23"]
[EventType "swiss"]
[EventRounds "5"]
[EventCountry "CAN"]

1. d4 d5 2. Bf4 c5 3. e3 Nc6 4. Nf3 Nf6 5. Nbd2 Bg4 6. c3 e6 7. Qa4 Nd7 8. Bb5
Rc8 9. O-O Be7 10. Ne5 Ndxe5 11. Bxe5 O-O 12. Bxc6 bxc6 13. dxc5 Be2 14. Rfe1
Bb5 15. Qa3 f6 16. Bg3 a5 17. b4 Ra8 18. Qb3 axb4 19. cxb4 Ba4 20. Qc3 e5 21.
Nb3 Qb8 22. f4 Bxb3 23. Qxb3 e4 24. Rab1 f5 25. Rec1 Qb5 26. Be1 Bf6 27. Bc3
Bxc3 28. Rxc3 Ra4 29. Rc2 Rfa8 30. Qc3 Ra3 31. Rb3 Rxa2 32. Rxa2 Rxa2 33. Qe5
g6 34. Rb2 Ra1+ 35. Kf2 Qf1+ 36. Kg3 Qe1+ 37. Kh3 Qd1 38. Qe8+ Kg7 39. Qe7+ Kg8
40. Qe8+ Kg7 41. Kg3 Qe1+ 42. Kh3 Qd1 1/2-1/2

[Event "Excelsior June U2000"]
[Site "Toronto CAN"]
[Date "2023.06.25"]
[Round "5.13"]
[White "Faizy, Mohammed"]
[Black "Ruchinskaya, Valerie"]
[Result "0-1"]
[WhiteElo "1854"]
[BlackElo "1933"]
[PlyCount "116"]
[EventDate "2023.06.23"]
[EventType "swiss"]
[EventRounds "5"]
[EventCountry "CAN"]

1. e4 e6 2. d4 d5 3. Nc3 Bb4 4. Nge2 dxe4 5. a3 Be7 6. Nxe4 Nf6 7. N2g3 b6 8.
Bd3 Bb7 9. Bg5 Nbd7 10. Qe2 Rc8 11. h4 h6 12. Bd2 c5 13. dxc5 Nxc5 14. Nxc5
Bxc5 15. Bb5+ Bc6 16. O-O-O Qc7 17. Kb1 Bxb5 18. Qxb5+ Qc6 19. Qxc6+ Rxc6 20.
f3 Bf2 21. Be1 Be3 22. Bd2 Nd5 23. Bxe3 Nxe3 24. Rd2 Ke7 25. Re2 Nd5 26. Nf5+
Kf6 27. Nd4 Rc4 28. c3 Rd8 29. Rhe1 a6 30. Re4 b5 31. Nb3 Rxe4 32. Rxe4 Rc8 33.
Kc1 g5 34. Kd2 Rd8 35. hxg5+ hxg5 36. Rd4 Rh8 37. Ke2 Nf4+ 38. Kf2 Rh2 39. Kf1
Rh1+ 40. Kf2 Rb1 41. Rd2 Rxb2 42. Rxb2 Nd3+ 43. Ke2 Nxb2 44. Nc5 a5 45. Nb3 Nc4
46. Kd3 Ke5 47. g3 Kd5 48. g4 a4 49. Nd4 Nxa3 50. Kd2 b4 51. Ne2 Nb1+ 52. Kc2
Nxc3 53. Ng3 Kd4 54. Nh5 b3+ 55. Kb2 Nd1+ 56. Kb1 a3 57. Ng3 b2 58. Ne2+ Kd3
0-1

[Event "Excelsior June U2000"]
[Site "Toronto CAN"]
[Date "2023.06.25"]
[Round "5.14"]
[White "Cater, Brendan"]
[Black "Zhang, Daniel"]
[Result "1/2-1/2"]
[WhiteElo "1756"]
[BlackElo "1848"]
[PlyCount "95"]
[EventDate "2023.06.23"]
[EventType "swiss"]
[EventRounds "5"]
[EventCountry "CAN"]

1. e4 c5 2. Nf3 d6 3. c3 Nf6 4. Be2 e6 5. O-O Be7 6. Qc2 Qc7 7. a4 b6 8. Na3 a6
9. d4 cxd4 10. Nxd4 Bb7 11. f3 O-O 12. Be3 Nbd7 13. Nb3 d5 14. exd5 Nxd5 15.
Bf2 Bd6 16. h3 Nf4 17. Rfd1 Ne5 18. Nd4 Qe7 19. Qd2 Qg5 20. g3 Nxh3+ 21. Kg2
Qxd2 22. Rxd2 Nxf2 23. Kxf2 Be7 24. Nac2 Nc6 25. Nxc6 Bxc6 26. Nd4 Bb7 27. Rh1
Rfd8 28. Bd3 g6 29. Ke2 e5 30. Nc2 Kg7 31. Ne3 f5 32. Nc4 e4 33. fxe4 fxe4 34.
Bc2 Rxd2+ 35. Nxd2 e3 36. Ne4 a5 37. Rd1 Rd8 38. Rxd8 Bxd8 39. Kxe3 Bc7 40. g4
h6 41. g5 h5 42. Nf6 Be5 43. Be4 Bxe4 44. Nxe4 Kf7 45. Nf2 Ke6 46. Ke4 Bg3 47.
Nh3 Kd6 48. Kd4 1/2-1/2

[Event "Excelsior June U2000"]
[Site "Toronto CAN"]
[Date "2023.06.25"]
[Round "5.15"]
[White "Qian, Ashley"]
[Black "Wang, Nathan"]
[Result "0-1"]
[WhiteElo "1725"]
[BlackElo "1807"]
[PlyCount "100"]
[EventDate "2023.06.23"]
[EventType "swiss"]
[EventRounds "5"]
[EventCountry "CAN"]

1. e4 c5 2. Nf3 Nc6 3. d4 cxd4 4. Nxd4 Nf6 5. Nc3 e5 6. Ndb5 d6 7. Bg5 a6 8.
Na3 b5 9. Nd5 Be7 10. Bxf6 Bxf6 11. c3 Bg5 12. Nc2 Rb8 13. Be2 a5 14. b3 Ne7
15. Nce3 Be6 16. Nxe7 Qxe7 17. Nd5 Qa7 18. Bg4 O-O 19. O-O Qc5 20. b4 Qc4 21.
bxa5 Bxd5 22. Qxd5 Qxd5 23. exd5 Bd2 24. a6 Rb6 25. Bd7 Bxc3 26. Rac1 b4 27. a3
Rxa6 28. axb4 Bxb4 29. Ra1 Rb6 30. Rfb1 g6 31. g3 Rfb8 32. Bc6 Bc5 33. Rxb6
Rxb6 34. Ra8+ Kg7 35. Ra2 Kh6 36. Kg2 f5 37. f3 Rb3 38. Re2 Rb1 39. h3 Kg5 40.
Kh2 f4 41. h4+ Kh5 42. gxf4 exf4 43. Re4 Be3 44. Re6 Kxh4 45. Kg2 Rg1+ 46. Kh2
Rf1 47. Rxd6 Rf2+ 48. Kg1 Kg3 49. Rf6 Rxf3+ 50. Kh1 Rf1# 0-1

[Event "Excelsior June U2000"]
[Site "Toronto CAN"]
[Date "2023.06.25"]
[Round "5.16"]
[White "Zhong, April"]
[Black "Ambilwade, Ojal"]
[Result "1-0"]
[WhiteElo "1800"]
[BlackElo "1672"]
[PlyCount "65"]
[EventDate "2023.06.23"]
[EventType "swiss"]
[EventRounds "5"]
[EventCountry "CAN"]

1. e4 c5 2. Nf3 d6 3. Bb5+ Bd7 4. Bxd7+ Nxd7 5. O-O Ngf6 6. Qe2 e6 7. b3 Be7 8.
Bb2 O-O 9. c4 Qc7 10. Nc3 a6 11. Rfd1 Rfd8 12. d4 cxd4 13. Nxd4 Nf8 14. f4 d5
15. e5 Ne8 16. cxd5 exd5 17. Rac1 Qd7 18. Na4 b5 19. Nb6 Qa7 20. Nxa8 Rxa8 21.
Kh1 Bc5 22. Nc6 Qb6 23. Rxd5 Ne6 24. Rdxc5 Nxc5 25. Ne7+ Kh8 26. Bd4 Qh6 27.
Bxc5 Rd8 28. Qg4 g6 29. Rf1 Ng7 30. f5 gxf5 31. Nxf5 Nxf5 32. Qxf5 Qg7 33. Be7
1-0

[Event "Excelsior June U2000"]
[Site "Toronto CAN"]
[Date "2023.06.25"]
[Round "5.17"]
[White "Zaka, Mohid"]
[Black "Tenkov, Arkadii"]
[Result "0-1"]
[WhiteElo "1694"]
[BlackElo "1662"]
[PlyCount "60"]
[EventDate "2023.06.23"]
[EventType "swiss"]
[EventRounds "5"]
[EventCountry "CAN"]

1. Nf3 Nf6 2. b3 d6 3. Bb2 e5 4. e3 c6 5. h3 h6 6. d4 e4 7. Nfd2 d5 8. c4 Bd6
9. Nc3 a6 10. Rc1 O-O 11. Be2 Be6 12. cxd5 cxd5 13. Na4 b6 14. g4 Nfd7 15. Qc2
f5 16. Nf1 f4 17. Bd1 Qh4 18. Nc3 fxe3 19. Nxe3 Rxf2 20. Be2 Bf4 21. Kd2 Bxe3+
22. Kxe3 Qg3+ 23. Kd2 e3+ 24. Kd3 Bf7 25. Ne4 dxe4+ 26. Kc3 Qc7+ 27. Kb4 Qd6+
28. Ka4 b5+ 29. Ka5 Qb6+ 30. Kb4 a5+ 0-1

[Event "Excelsior June U2000"]
[Site "Toronto CAN"]
[Date "2023.06.25"]
[Round "5.18"]
[White "Desikan, Ajith"]
[Black "Huang, Ivan"]
[Result "1/2-1/2"]
[WhiteElo "1672"]
[BlackElo "1588"]
[PlyCount "53"]
[EventDate "2023.06.23"]
[EventType "swiss"]
[EventRounds "5"]
[EventCountry "CAN"]

1. d4 Nf6 2. Bf4 d5 3. e3 e6 4. Bd3 c6 5. Nf3 Be7 6. O-O Nbd7 7. Nbd2 b6 8. Ne5
Bb7 9. Qf3 c5 10. c3 Nxe5 11. Bxe5 Bd6 12. Bb5+ Ke7 13. Bxd6+ Qxd6 14. Bd3 Rhd8
15. Rad1 Kf8 16. Bc2 Kg8 17. Qh3 h6 18. Nf3 Rac8 19. Rfe1 cxd4 20. exd4 b5 21.
Bb1 b4 22. cxb4 Qxb4 23. b3 Rc3 24. Qh4 Rdc8 25. Ne5 Bc6 26. Qf4 Qb6 27. g4
1/2-1/2

[Event "Excelsior June U2000"]
[Site "Toronto CAN"]
[Date "2023.06.25"]
[Round "5.19"]
[White "Huang, Justin"]
[Black "Murali, Dhruv"]
[Result "1/2-1/2"]
[WhiteElo "1619"]
[BlackElo "1635"]
[PlyCount "68"]
[EventDate "2023.06.23"]
[EventType "swiss"]
[EventRounds "5"]
[EventCountry "CAN"]

1. d4 Nf6 2. c4 g6 3. f3 Bg7 4. e4 d6 5. Nc3 O-O 6. Be3 e5 7. d5 Nbd7 8. a3 a5
9. b4 b6 10. Bd3 Ne8 11. Na4 Qe7 12. Rc1 axb4 13. axb4 Bh6 14. Bxh6 Qh4+ 15. g3
Qxh6 16. Ra1 Qe3+ 17. Be2 b5 18. cxb5 Nb6 19. Kf1 Nxa4 20. Rxa4 Rxa4 21. Qxa4
f5 22. exf5 Bxf5 23. Qd1 e4 24. Kg2 exf3+ 25. Nxf3 g5 26. Qd2 Qxd2 27. Nxd2 Nf6
28. Bc4 Ne4 29. Nb3 Nf2 30. Kxf2 Bd3+ 31. Ke3 Bxc4 32. Nd4 Re8+ 33. Kd2 Bxd5
34. Rc1 Re4 1/2-1/2

[Event "Excelsior June U2000"]
[Site "Toronto CAN"]
[Date "2023.06.25"]
[Round "5.20"]
[White "Ajith, Aarush"]
[Black "Liu, Sean"]
[Result "1-0"]
[WhiteElo "1675"]
[BlackElo "1648"]
[PlyCount "53"]
[EventDate "2023.06.23"]
[EventType "swiss"]
[EventRounds "5"]
[EventCountry "CAN"]

1. d4 Nf6 2. Bg5 d5 3. Nd2 e6 4. Ngf3 Be7 5. e3 O-O 6. Bd3 h6 7. Bh4 b6 8. Ne5
Bb7 9. O-O Nbd7 10. f4 Ne4 11. Bxe7 Qxe7 12. c3 Nxe5 13. fxe5 Nxd2 14. Qxd2 c5
15. Rf3 f5 16. exf6 Rxf6 17. Rxf6 gxf6 18. Qf2 Kh8 19. Qh4 Qg7 20. Rf1 f5 21.
Rf3 Qg5 22. Qxg5 hxg5 23. g4 fxg4 24. Rf6 Rg8 25. Rh6+ Kg7 26. Rh7+ Kf6 27.
Rxb7 1-0

[Event "Excelsior June U2000"]
[Site "Toronto CAN"]
[Date "2023.06.25"]
[Round "5.21"]
[White "Hettigama, Thusitha"]
[Black "Mutyalapati, Modith Aaroh"]
[Result "0-1"]
[WhiteElo "1617"]
[BlackElo "1603"]
[PlyCount "134"]
[EventDate "2023.06.23"]
[EventType "swiss"]
[EventRounds "5"]
[EventCountry "CAN"]

1. Nf3 d5 2. c4 c6 3. e3 Nf6 4. Nc3 Bg4 5. h3 Bxf3 6. Qxf3 e5 7. cxd5 cxd5 8.
Bb5+ Nc6 9. O-O a6 10. Ba4 Bb4 11. a3 Bxc3 12. bxc3 b5 13. Bc2 O-O 14. Bb2 Na5
15. d3 Re8 16. a4 e4 17. Qe2 exd3 18. Bxd3 Nc4 19. axb5 axb5 20. Qc2 Qc7 21.
Rxa8 Rxa8 22. Ra1 Rxa1+ 23. Bxa1 Qa5 24. Qb1 g6 25. Bb2 Nd7 26. Be2 Nc5 27. Ba1
Nd2 28. Qd1 Ndb3 29. Bb2 Qa2 30. Qxd5 Qxb2 31. Bxb5 Qb1+ 32. Kh2 Qf5 33. Qxf5
gxf5 34. Bc4 Nd2 35. Bd5 Nce4 36. c4 Nxf2 37. Kg3 Nd3 38. Bb7 Nxc4 39. Kf3 Kg7
40. e4 fxe4+ 41. Bxe4 Nd2+ 42. Ke3 Nxe4 43. Kxe4 Nc5+ 44. Kf4 Kg6 45. Kg4 h5+
46. Kf4 Ne6+ 47. Ke4 h4 48. Ke3 Kg5 49. Ke4 Nf4 50. Kf3 f5 51. Kf2 Nh5 52. Kf3
Ng3 53. Ke3 f4+ 54. Kf2 Kf5 55. Kf3 Ke5 56. Kf2 Ke4 57. Kg1 f3 58. gxf3+ Kxf3
59. Kh2 Nf1+ 60. Kg1 Ne3 61. Kh2 Kf2 62. Kh1 Kg3 63. Kg1 Kxh3 64. Kh1 Kg3 65.
Kg1 h3 66. Kh1 Ng4 67. Kg1 h2+ 0-1

[Event "Excelsior June op"]
[Site "Toronto CAN"]
[Date "2023.06.23"]
[Round "1.2"]
[White "Zhong, Ryan Yunhui"]
[Black "Nagy, Gabor"]
[Result "0-1"]
[WhiteElo "2006"]
[BlackElo "2549"]
[PlyCount "130"]
[EventDate "2023.06.23"]
[EventType "swiss"]
[EventRounds "5"]
[EventCountry "CAN"]

1. e4 c5 2. Nf3 e6 3. c3 d5 4. exd5 Qxd5 5. d4 Nf6 6. Bd3 Be7 7. O-O O-O 8. Re1
Nc6 9. a3 Rd8 10. Be3 b6 11. Bc2 Bb7 12. Qd3 Rac8 13. Nbd2 Qh5 14. Bd1 Nd5 15.
Qf1 Qg6 16. Rc1 cxd4 17. Nxd4 Nxd4 18. Bxd4 Bg5 19. Bc2 Qh6 20. Ne4 Bxc1 21.
Rxc1 f6 22. Re1 e5 23. Be3 Qh5 24. Ng3 Qf7 25. Nf5 Kh8 26. h4 Nxe3 27. Nxe3 Rd2
28. Bf5 Rcd8 29. f4 g6 30. Bh3 e4 31. f5 gxf5 32. Bxf5 Rg8 33. Qf4 Qg7 34. g4
Qe7 35. Nc4 Qc5+ 36. Ne3 Qd6 37. Qxd6 Rxd6 38. Re2 Rgd8 39. Kf2 b5 40. Nc2 Rd3
41. Nd4 Rh3 42. h5 Re8 43. Re3 Rh2+ 44. Kg3 Rxb2 45. Bd7 Re5 46. Nf5 Rd2 47.
Nd4 a6 48. Bf5 h6 49. Ne6 Bc8 50. Nd4 Bxf5 51. Nxf5 Kh7 52. Nd4 Ra2 53. Kf4
Rxa3 54. Ne2 Ra2 55. Nd4 Rf2+ 56. Kg3 Rd2 57. Kf4 Rd3 58. Nb3 Rxe3 59. Kxe3 f5
60. gxf5 Rxf5 61. Kxe4 Rxh5 62. Kd4 Rh4+ 63. Kd3 h5 64. Nd4 Rh3+ 65. Kc2 h4 0-1